Statistics for Capitals of the largest countries

Click here to take the quiz!

General Stats

  • This quiz has been taken 11 times
  • The average score is 36 of 60

Answer Stats

CountryAreaAnswer% Correct
Russia17,098,242Moscow
100%
Canada9,984,670Ottawa
100%
United States9,831,510Washington D.C
100%
China9,596,961Beijing
90%
Brazil8,515,767Brasilia
90%
Argentina2,780,400Buenos Aires
90%
Australia7,741,220Canberra
90%
Mexico1,964,375Mexico City
90%
India3,287,263New Delhi
90%
France643,801Paris
90%
Algeria2,381,741Algiers
80%
Thailand513,120Bangkok
80%
Egypt1,002,450Cairo
80%
Pakistan881,912Islamabad
80%
Indonesia1,904,569Jakarta
80%
Ukraine603,500Kyiv
80%
Peru1,285,216LIma
80%
South Africa1,221,037Pretoria
80%
Sweden450,295Stockholm
80%
Iran1,648,195Tehran
80%
Turkey783,562Ankara
70%
Iraq438,317Baghdad
70%
Spain505,600Madrid
70%
Morocco446,550Rabat
70%
Chile756,096Santiago
70%
Ethiopia1,104,300Addis Ababa
60%
Kazakhstan2,724,900Astana
60%
Paraguay406,752Asunción
60%
Colombia1,141,748Bogota
60%
Venezuela916,445Caracas
60%
Afghanistan652,230Kabul
60%
Democratic Republic of the Congo2,344,858Kinshasa
60%
Saudi Arabia2,149,690Riyadh
60%
Libya1,759,540Tripoli
60%
Sudan1,886,068Khartoum
50%
Angola1,246,700Luanda
50%
Kenya580,367Nairobi
50%
Bolivia1,098,581Sucre
50%
Uzbekistan447,400Tashkent
50%
Mongolia1,564,110Ulaanbaatar
50%
Cameroon475,442Yaounde
50%
Nigeria923,768Abuja
40%
Madagascar587,041Antananarivo
40%
Turkmenistan488,100Ashgabat
40%
Tanzania945,087Dodoma
40%
South Sudan644,329Juba
40%
Mozambique801,590Maputo
40%
Somalia637,657Mogadishu
40%
Namibia825,615Windhoek
40%
Mali1,240,192Bamako
30%
Central African Republic622,984Bangui
30%
Zimbabwe390,757Harare
30%
Zambia752,612Lusaka
30%
Myanmar676,578Naypyidaw
30%
Chad1,284,000N'djamena
30%
Niger1,267,000Niamey
30%
Mauritania1,030,700Nouakchott
30%
Papua New Guinea462,840Port Moresby
30%
Yemen527,968Sanaa
30%
Botswana581,730Gaborone
20%

Score Distribution

Percentile by Number Answered

Percent of People with Each Score

Your Score History

You have not taken this quiz